[Event "29. Erfurter Schachfestival 2019 - Haup"]
[Site "Erfurt"]
[Date "2019.12.26"]
[Round "1.8"]
[White "Kroh, Christian"]
[Black "Belova, Tatiana"]
[Result "0-1"]
[WhiteElo "1709"]
[BlackElo "1932"]
[PlyCount "78"]
[EventDate "2019.12.26"]

1. Nf3 Nf6 2. g3 d5 3. Bg2 c5 4. O-O Nc6 5. d3 e5 6. Nbd2 Be7 7. e4 Bg4 8. h3
Bh5 9. Re1 dxe4 10. Nxe4 Nxe4 11. Rxe4 f5 12. Re1 e4 13. dxe4 Qxd1 14. Rxd1
fxe4 15. g4 exf3 16. Bxf3 Bg6 17. Re1 Kf8 18. c3 Rd8 19. Bf4 Kf7 20. Rad1 Rxd1
21. Rxd1 Rd8 22. Rxd8 Bxd8 23. Kf1 Ke6 24. Ke2 Be7 25. Bxc6 bxc6 26. a3 c4 27.
Ke3 Kd5 28. f3 Bc5+ 29. Ke2 Bd3+ 30. Kd2 Bf2 31. Kd1 Bf1 32. Kd2 Bxh3 33. Ke2
Bc5 34. Bc7 Bd6 35. Bd8 Bf4 36. Be7 Bc1 37. Kd1 Bf4 38. Ke2 c5 39. a4 Bc1 0-1

[Event "29. Erfurter Schachfestival 2019 - Haup"]
[Site "Erfurt"]
[Date "2019.12.26"]
[Round "1.9"]
[White "Kresse, Mathias"]
[Black "Neumann, Guido"]
[Result "1-0"]
[WhiteElo "1931"]
[BlackElo "1708"]
[PlyCount "67"]
[EventDate "2019.12.26"]

1. e4 c6 2. d4 d5 3. e5 Bf5 4. Nc3 e6 5. g4 Bg6 6. Nge2 Nd7 7. h4 h5 8. Nf4 Be7
9. Nxg6 fxg6 10. Bd3 Nf8 11. g5 Bb4 12. a3 Bxc3+ 13. bxc3 Ne7 14. c4 Nf5 15.
Be3 Qa5+ 16. Qd2 Qxd2+ 17. Kxd2 Nd7 18. Rab1 Rb8 19. Rb4 Kf7 20. c5 b6 21. cxb6
Rxb6 22. Bxf5 gxf5 23. Rhb1 Rhb8 24. Kd3 c5 25. dxc5 Nxe5+ 26. Ke2 Rxb4 27.
axb4 a6 28. Bf4 Nc6 29. Bxb8 Nxb8 30. b5 axb5 31. Rxb5 Nc6 32. Rb7+ Kg6 33. f4
Nd4+ 34. Kd3 1-0

[Event "29. Erfurter Schachfestival 2019 - Haup"]
[Site "Erfurt"]
[Date "2019.12.26"]
[Round "1.10"]
[White "Gülsdorff, Florian"]
[Black "Haugk, Franko"]
[Result "1/2-1/2"]
[WhiteElo "1704"]
[BlackElo "1917"]
[PlyCount "69"]
[EventDate "2019.12.26"]

1. d4 Nf6 2. Nf3 e6 3. Bg5 h6 4. Bh4 d5 5. e3 c5 6. Be2 Qb6 7. b3 Nbd7 8. h3
Ne4 9. O-O Bd6 10. dxc5 Bxc5 11. Nd4 O-O 12. c4 g5 13. f3 Nd6 14. Bf2 dxc4 15.
bxc4 e5 16. Nc2 Nf5 17. Qc1 Nf6 18. Nc3 Be6 19. Na4 Qc7 20. Nxc5 Qxc5 21. e4
Nd4 22. Nxd4 exd4 23. Bd3 Nh5 24. Rd1 Rfd8 25. Rb1 Nf4 26. Bf1 Rd7 27. Rb5 Qc6
28. Rxd4 Rad8 29. Rxd7 Rxd7 30. Bxa7 Qa6 31. Be3 Qa4 32. Bxf4 Rd1 33. Rb4 Rxf1+
34. Kxf1 Qxb4 35. Bd2 1/2-1/2

[Event "29. Erfurter Schachfestival 2019 - Haup"]
[Site "Erfurt"]
[Date "2019.12.27"]
[Round "2.1"]
[White "Apelt, Andreas"]
[Black "Von Otte, Wilhelm"]
[Result "0-1"]
[WhiteElo "1784"]
[BlackElo "2119"]
[PlyCount "30"]
[EventDate "2019.12.26"]

1. d4 d5 2. Bf4 e6 3. e3 Ne7 4. Nf3 Ng6 5. Bg3 c5 6. c3 Nc6 7. Nbd2 Bd7 8. h4
c4 9. e4 b5 10. Qe2 Nge7 11. Ng5 h6 12. Nh3 Qa5 13. Bd6 b4 14. exd5 bxc3 15.
Nxc4 cxb2+ 0-1

[Event "29. Erfurter Schachfestival 2019 - Haup"]
[Site "Erfurt"]
[Date "2019.12.27"]
[Round "2.2"]
[White "Wachsmann, Elmar"]
[Black "Schieferstein, Michael"]
[Result "1/2-1/2"]
[WhiteElo "1784"]
[BlackElo "1988"]
[PlyCount "112"]
[EventDate "2019.12.26"]

1. d4 Nf6 2. c4 d6 3. Nf3 Nbd7 4. Nc3 e5 5. e4 Be7 6. Be2 O-O 7. O-O c6 8. d5
Nc5 9. Qc2 cxd5 10. cxd5 Bg4 11. b4 Ncd7 12. Be3 Ne8 13. h3 Bxf3 14. Bxf3 Bg5
15. Nd1 g6 16. Rc1 Nb6 17. Qb3 Bxe3 18. Nxe3 Nf6 19. Rc3 a5 20. a3 axb4 21.
axb4 Qd7 22. Rfc1 Qa4 23. Qb2 Rfc8 24. Nc4 Rxc4 25. Rxc4 Nxc4 26. Rxc4 Qa1+ 27.
Qxa1 Rxa1+ 28. Kh2 Rb1 29. g3 b5 30. Rc6 Rxb4 31. Rxd6 Nxe4 32. Bxe4 Rxe4 33.
Rb6 b4 34. h4 Kf8 35. d6 Ke8 36. Rb7 h5 37. Re7+ Kf8 38. Rb7 Rd4 39. d7 Ke7 40.
Kg2 e4 41. Kf1 f6 42. Ke2 f5 43. Ke1 Rxd7 44. Rxb4 Rd3 45. Ra4 Rf3 46. Ke2 Kf6
47. Ra6+ Kg7 48. Ra7+ Kh6 49. Ra6 f4 50. Rf6 fxg3 51. Rxf3 exf3+ 52. Kxf3 gxf2
53. Kxf2 Kg7 54. Kf3 Kf7 55. Ke3 Ke7 56. Ke4 Ke6 1/2-1/2

[Event "29. Erfurter Schachfestival 2019 - Haup"]
[Site "Erfurt"]
[Date "2019.12.27"]
[Round "2.3"]
[White "Schönrock, Rüdiger"]
[Black "Fromm, Nick"]
[Result "1/2-1/2"]
[WhiteElo "1971"]
[BlackElo "1783"]
[PlyCount "37"]
[EventDate "2019.12.26"]

1. e4 e6 2. c4 d5 3. cxd5 exd5 4. exd5 Nf6 5. Bb5+ Bd7 6. Bc4 Bc5 7. Nf3 O-O 8.
O-O Bg4 9. Nc3 Nbd7 10. h3 Nb6 11. Bb3 Bh5 12. g4 Bg6 13. d4 Be7 14. Re1 Re8
15. Bg5 Qd6 16. Qd2 Nfxd5 17. Bxe7 Rxe7 18. Rxe7 Nxe7 19. Rd1 1/2-1/2

[Event "29. Erfurter Schachfestival 2019 - Haup"]
[Site "Erfurt"]
[Date "2019.12.27"]
[Round "2.4"]
[White "Guo, Philipp Ziming"]
[Black "Angermaier, Georg"]
[Result "0-1"]
[WhiteElo "1782"]
[BlackElo "1952"]
[PlyCount "52"]
[EventDate "2019.12.26"]

1. e4 e6 2. d4 d5 3. Nc3 Bb4 4. a3 Bxc3+ 5. bxc3 dxe4 6. Qg4 Nf6 7. Qxg7 Rg8 8.
Qh6 Rg6 9. Qd2 Nc6 10. Ne2 e5 11. Bb2 Be6 12. Rd1 Qe7 13. dxe5 Nxe5 14. Nf4 Rg8
15. Nxe6 Qxe6 16. Qd4 Nc6 17. Qe3 Ng4 18. Qf4 e3 19. f3 e2 20. Bxe2 Ne3 21. Qe4
Qxe4 22. fxe4 Nxd1 23. Kxd1 Rxg2 24. c4 Rd8+ 25. Bd3 Nd4 26. Bc3 Nxc2 0-1

[Event "29. Erfurter Schachfestival 2019 - Haup"]
[Site "Erfurt"]
[Date "2019.12.27"]
[Round "2.5"]
[White "Völz, Stephan"]
[Black "Wichert, Eddi"]
[Result "1/2-1/2"]
[WhiteElo "1938"]
[BlackElo "1780"]
[PlyCount "55"]
[EventDate "2019.12.26"]

1. d4 Nf6 2. Bf4 d5 3. e3 Bf5 4. Nf3 e6 5. Bd3 Bg6 6. O-O Bd6 7. Ne5 O-O 8. c4
c5 9. Nxg6 hxg6 10. Bxd6 Qxd6 11. dxc5 Qxc5 12. Qe2 Rd8 13. Nc3 Nc6 14. Rfd1 d4
15. Na4 Qg5 16. f4 Qh4 17. g3 Qh3 18. e4 e5 19. Qf3 exf4 20. Bf1 Ne5 21. Qxf4
Qh5 22. Bg2 Nfg4 23. h3 Ne3 24. g4 Qh6 25. Qxe5 Nxd1 26. Rxd1 Qe3+ 27. Kh1 b6
28. b3 1/2-1/2

[Event "29. Erfurter Schachfestival 2019 - Haup"]
[Site "Erfurt"]
[Date "2019.12.27"]
[Round "2.6"]
[White "Happel, Jonas"]
[Black "Reuter, Hans-Otto"]
[Result "1/2-1/2"]
[WhiteElo "1768"]
[BlackElo "1935"]
[PlyCount "47"]
[EventDate "2019.12.26"]

1. d4 g6 2. Nf3 Bg7 3. c4 d6 4. Nc3 Bg4 5. e3 Nd7 6. Be2 c6 7. O-O Ngf6 8. Qc2
O-O 9. h3 Bxf3 10. Bxf3 e5 11. Rd1 Qc7 12. Rb1 Rfe8 13. a4 Rac8 14. b4 d5 15.
Qb3 exd4 16. exd4 dxc4 17. Qxc4 Nb6 18. Qb3 Rcd8 19. Be3 Nbd5 20. Bg5 Nxc3 21.
Qxc3 Rd7 22. Re1 Rde7 23. Rxe7 Qxe7 24. Qc5 1/2-1/2

[Event "29. Erfurter Schachfestival 2019 - Haup"]
[Site "Erfurt"]
[Date "2019.12.27"]
[Round "2.8"]
[White "Kühn, Alexander"]
[Black "Kresse, Mathias"]
[Result "1-0"]
[WhiteElo "1763"]
[BlackElo "1931"]
[PlyCount "117"]
[EventDate "2019.12.26"]

1. e4 c5 2. Nf3 d6 3. d4 cxd4 4. Nxd4 Nf6 5. Nc3 a6 6. Bg5 e6 7. f4 Nbd7 8. Qf3
Qc7 9. O-O-O b5 10. a3 Bb7 11. Bd3 Be7 12. Qg3 Rc8 13. Rhe1 e5 14. Nf5 Bf8 15.
Kb1 g6 16. Ne3 Nh5 17. Qf2 h6 18. Ned5 Qc5 19. Bh4 Nxf4 20. Qf3 Nxd5 21. exd5
Bg7 22. Qg3 g5 23. Rf1 Nf6 24. Rxf6 Bxf6 25. Ne4 Qc7 26. Nxf6+ Ke7 27. Bxg5
hxg5 28. Qxg5 Kf8 29. Nh7+ Rxh7 30. Bxh7 Qc4 31. Qf6 Bxd5 32. Rxd5 Qxd5 33.
Qh8+ Ke7 34. Qxc8 Qxg2 35. h3 e4 36. Qb7+ Kf6 37. Qxe4 Qxh3 38. Qf4+ Ke7 39.
Bf5 Qh5 40. Qe4+ Kf6 41. Bc8 a5 42. Bg4 Qc5 43. Qf4+ Ke7 44. Qf5 Qd4 45. Bh5
Qc4 46. Qg5+ Kf8 47. Qf6 b4 48. Qxd6+ Kg7 49. axb4 axb4 50. Qe5+ Kf8 51. Be2
Qh4 52. Qc5+ Kg8 53. Qc8+ Kh7 54. Qc4 Qe7 55. Bd3+ Kh6 56. Qf4+ Kg7 57. Qe4 Qc5
58. Ka2 b3+ 59. Kxb3 1-0

[Event "29. Erfurter Schachfestival 2019 - Haup"]
[Site "Erfurt"]
[Date "2019.12.27"]
[Round "2.9"]
[White "Petzold, Torsten"]
[Black "Woost, Thomas"]
[Result "0-1"]
[WhiteElo "1762"]
[BlackElo "1905"]
[PlyCount "118"]
[EventDate "2019.12.26"]

1. c4 e5 2. Nc3 g6 3. g3 Bg7 4. Bg2 Nc6 5. Rb1 a5 6. a3 d6 7. b4 axb4 8. axb4
Nge7 9. d3 O-O 10. b5 Nd4 11. e3 Ne6 12. Nge2 Nc5 13. O-O Bf5 14. e4 Bd7 15.
Qc2 Qc8 16. f4 Bh3 17. Bb2 Bxg2 18. Kxg2 c6 19. Rbd1 f5 20. fxe5 dxe5 21. Ng1
Qe6 22. Nf3 f4 23. Ne2 Ra2 24. Ra1 Rfa8 25. Rxa2 Rxa2 26. Qb1 Ra8 27. Nc3 Qg4
28. Ne2 fxg3 29. Nxg3 Qe6 30. bxc6 Nxc6 31. Bc3 Rd8 32. Ne1 Qg4 33. h3 Qg5 34.
Rf3 Nd4 35. Qb6 Nxf3 36. Nxf3 Qe7 37. Bb4 Rc8 38. Ne1 Bf8 39. Nf3 Rc6 40. Qb5
Qc7 41. Bxc5 Rxc5 42. Qe8 Qe7 43. Qa4 Rc6 44. Ne2 Ra6 45. Qb3 Ra3 46. Qc2 Qd6
47. Nc1 Bh6 48. Nb3 Qb4 49. Nfd2 Bxd2 50. Nxd2 Rc3 51. Qa2 Rxd3 52. Qa8+ Kg7
53. Nf3 Qb2+ 54. Kg3 Qb3 55. Qc8 Rxf3+ 56. Kh4 Rf4+ 57. Qg4 Qf3 58. c5 Qf2+ 59.
Kg5 h6# 0-1

[Event "29. Erfurter Schachfestival 2019 - Haup"]
[Site "Erfurt"]
[Date "2019.12.27"]
[Round "2.10"]
[White "Zimmermann, Felix"]
[Black "Schulemann, Gero"]
[Result "1-0"]
[WhiteElo "1905"]
[BlackElo "1756"]
[PlyCount "75"]
[EventDate "2019.12.26"]

1. d4 Nf6 2. Nf3 c5 3. e3 e6 4. c4 b6 5. Nc3 Bb7 6. Be2 Be7 7. O-O O-O 8. b3
Na6 9. Bb2 Nc7 10. Qc2 d5 11. Rfd1 Qe8 12. a4 a5 13. Ne5 Rd8 14. cxd5 Nfxd5 15.
Nxd5 exd5 16. Bd3 h6 17. dxc5 Bxc5 18. Ng4 Qc6 19. Ne5 Qe8 20. Qe2 f5 21. g4
Bd6 22. f4 Bc8 23. h3 fxg4 24. hxg4 Bxe5 25. Bxe5 Ne6 26. Rac1 Nc5 27. Rxc5
bxc5 28. g5 h5 29. Bb5 Qf7 30. Qc2 Qe7 31. Rc1 d4 32. Qg6 Be6 33. Bd3 Bf5 34.
Bxf5 Rxf5 35. Qxf5 dxe3 36. Re1 c4 37. g6 Rf8 38. Qxh5 1-0

[Event "29. Erfurter Schachfestival 2019 - Haup"]
[Site "Erfurt"]
[Date "2019.12.27"]
[Round "3.1"]
[White "Von Otte, Wilhelm"]
[Black "Kraus, Sebastian"]
[Result "0-1"]
[WhiteElo "2119"]
[BlackElo "1819"]
[Annotator "Ruether,Rudolf"]
[PlyCount "76"]
[EventDate "2019.12.26"]

1. e4 e5 2. Nf3 Nc6 3. Bb5 a6 4. Ba4 Nf6 5. c3 b5 6. Bc2 d5 7. exd5 Qxd5 8. d3
Bf5 9. Nh4 Bg4 10. f3 Bd7 11. Nd2 Be7 12. g3 Bh3 13. Ne4 h6 14. Nf2 Be6 15. Ng2
O-O 16. O-O Bc5 17. Be3 Bxe3 18. Nxe3 Qc5 19. Qe2 Rad8 20. Kg2 b4 21. Ba4 bxc3
22. bxc3 Ne7 23. Rfc1 Rb8 24. Ned1 Ng6 25. Bb3 Nd5 26. Ne4 Qe7 27. Bxd5 Bxd5
28. Ne3 Be6 29. d4 f5 30. Nc5 f4 31. Nc4 fxg3 32. hxg3 Bd5 33. Nd2 Qg5 34. Nde4
Nf4+ 35. Kf2 Nxe2 36. Nxg5 Nxc1 37. Nge4 Bxe4 38. Nxe4 Rb2+ {
Zeitüberschreitung} 0-1

[Event "29. Erfurter Schachfestival 2019 - Haup"]
[Site "Erfurt"]
[Date "2019.12.27"]
[Round "3.2"]
[White "Angermaier, Georg"]
[Black "Kühn, Alexander"]
[Result "1/2-1/2"]
[WhiteElo "1952"]
[BlackElo "1763"]
[PlyCount "61"]
[EventDate "2019.12.26"]

1. e4 c5 2. Nc3 Nc6 3. f4 d6 4. Nf3 Bg4 5. Be2 e6 6. d3 Nf6 7. h3 Bxf3 8. Bxf3
Nd4 9. O-O Be7 10. Ne2 Nxf3+ 11. Rxf3 O-O 12. b3 d5 13. e5 Nd7 14. Ng3 f6 15.
Bb2 Qc7 16. exf6 Bxf6 17. Bxf6 Nxf6 18. Qe2 Rae8 19. c3 e5 20. fxe5 Rxe5 21.
Re3 Rfe8 22. Rxe5 Qxe5 23. Qxe5 Rxe5 24. Kf2 Kf7 25. d4 cxd4 26. cxd4 Re6 27.
Rc1 Rc6 28. Rc5 Ke6 29. Ke3 g6 30. b4 Nd7 31. Rxc6+ 1/2-1/2

[Event "29. Erfurter Schachfestival 2019 - Haup"]
[Site "Erfurt"]
[Date "2019.12.27"]
[Round "3.3"]
[White "Woost, Thomas"]
[Black "Horatschek, Martin Jr"]
[Result "1-0"]
[WhiteElo "1905"]
[BlackElo "1744"]
[Annotator "Ruether,Rudolf"]
[PlyCount "51"]
[EventDate "2019.12.26"]

1. e4 c5 2. Nf3 d6 3. d4 cxd4 4. Nxd4 Nf6 5. Nc3 a6 6. a4 e6 7. Bd3 Nbd7 8. Be3
Be7 9. O-O Nc5 10. f4 e5 11. fxe5 dxe5 12. Nf5 Bxf5 13. Rxf5 Nxd3 14. cxd3 Qd6
15. Qe2 g6 {(=)} 16. Rf2 O-O-O 17. Rc1 Kb8 18. d4 Qe6 19. d5 Qd7 20. Bg5 Nxd5
21. exd5 Bxg5 22. Qxe5+ Ka8 23. Qxg5 Rhe8 24. Qf6 Re7 25. Rd1 Rde8 26. Rff1 1-0

[Event "29. Erfurter Schachfestival 2019 - Haup"]
[Site "Erfurt"]
[Date "2019.12.27"]
[Round "3.4"]
[White "Delgado, Robin"]
[Black "Zimmermann, Felix"]
[Result "1/2-1/2"]
[WhiteElo "1803"]
[BlackElo "1905"]
[PlyCount "57"]
[EventDate "2019.12.26"]

1. e4 c6 2. d4 d5 3. Nc3 dxe4 4. Nxe4 Bf5 5. Ng3 Bg6 6. h4 h6 7. Nf3 Nf6 8. Bd3
Bxd3 9. Qxd3 e6 10. Bd2 Be7 11. O-O-O O-O 12. Ne2 c5 13. Qb3 Qb6 14. c3 Nc6 15.
Qa4 Rfd8 16. Be3 Nd5 17. g4 Nxe3 18. fxe3 cxd4 19. exd4 Qc7 20. Kb1 b5 21. Qc2
b4 22. c4 b3 23. axb3 Rab8 24. g5 h5 25. g6 f6 26. Qe4 Rxb3 27. Qxe6+ Kh8 28.
Qf5 Qa5 29. Qxa5 1/2-1/2

[Event "29. Erfurter Schachfestival 2019 - Haup"]
[Site "Erfurt"]
[Date "2019.12.27"]
[Round "3.5"]
[White "Limbrunner, Steven"]
[Black "Heß, Jürgen"]
[Result "0-1"]
[WhiteElo "1792"]
[BlackElo "1889"]
[PlyCount "44"]
[EventDate "2019.12.26"]

1. c4 Nf6 2. Nc3 d5 3. d4 g6 4. Nf3 Bg7 5. Bg5 Ne4 6. cxd5 Nxg5 7. Nxg5 e6 8.
Nf3 exd5 9. e3 O-O 10. Bd3 c5 11. Rc1 cxd4 12. Nxd4 Bxd4 13. exd4 Re8+ 14. Kf1
a6 15. Qb3 Nc6 16. Qxd5 Be6 17. Qf3 Qxd4 18. Be4 Rad8 19. Bxc6 bxc6 20. g3 Bg4
21. Qg2 Qd3+ 22. Kg1 Bf3 0-1

[Event "29. Erfurter Schachfestival 2019 - Haup"]
[Site "Erfurt"]
[Date "2019.12.27"]
[Round "3.6"]
[White "Kosovska, Olena"]
[Black "Heinrich, John"]
[Result "0-1"]
[WhiteElo "1876"]
[BlackElo "1742"]
[PlyCount "66"]
[EventDate "2019.12.26"]

1. e4 c5 2. Nc3 e6 3. f4 Nc6 4. Bb5 Nge7 5. Nf3 g6 6. d3 Bg7 7. O-O O-O 8. Qe1
d6 9. Qh4 Nd4 10. Ng5 h6 11. Nf3 Nec6 12. Qf2 Nxf3+ 13. Qxf3 Nd4 14. Qf2 a6 15.
Ba4 b5 16. Bb3 a5 17. a3 Bd7 18. Ba2 b4 19. axb4 axb4 20. Nd1 b3 21. cxb3 Nxb3
22. Bxb3 Rxa1 23. Ne3 Bd4 24. g3 c4 25. Bxc4 Qb6 26. Bd2 Rxf1+ 27. Kxf1 Qxb2
28. Qe2 Ra8 29. Nd1 Ra1 30. Kg2 Rxd1 31. Qxd1 Be3 32. Qg4 Qxd2+ 33. Kh3 Bg1 0-1

[Event "29. Erfurter Schachfestival 2019 - Haup"]
[Site "Erfurt"]
[Date "2019.12.27"]
[Round "3.7"]
[White "Homberger, Jan"]
[Black "Drezewski, Alexander"]
[Result "1/2-1/2"]
[WhiteElo "1764"]
[BlackElo "1875"]
[PlyCount "31"]
[EventDate "2019.12.26"]

1. d4 d5 2. Bf4 Nf6 3. e3 g6 4. Be2 Bg7 5. Nc3 c6 6. Nf3 Bg4 7. h3 Bxf3 8. Bxf3
Nbd7 9. g4 Ng8 10. Qd2 e5 11. dxe5 Nxe5 12. Bxe5 Bxe5 13. O-O-O Qf6 14. Bg2
Bxc3 15. bxc3 O-O-O 16. Qd4 1/2-1/2

[Event "29. Erfurter Schachfestival 2019 - Haup"]
[Site "Erfurt"]
[Date "2019.12.27"]
[Round "3.8"]
[White "Eickelkamp, Jan-Hendrik"]
[Black "Gremmer, Dieter"]
[Result "1/2-1/2"]
[WhiteElo "1853"]
[BlackElo "1686"]
[PlyCount "45"]
[EventDate "2019.12.26"]

1. e4 e6 2. d4 d5 3. Nc3 Bb4 4. a3 Bxc3+ 5. bxc3 dxe4 6. Qg4 Qf6 7. Qxe4 Ne7 8.
Nf3 Qf5 9. Qe2 Bd7 10. g4 Qa5 11. Bd2 Qa4 12. Qe5 Qc6 13. Bg2 f6 14. Qh5+ g6
15. Qh6 Qe4+ 16. Be3 Bb5 17. O-O-O Qc6 18. Nh4 Qxc3 19. Bxb7 Qxa3+ 20. Kd2 Qb4+
21. Kc1 Qa3+ 22. Kd2 Qb4+ 23. Kc1 1/2-1/2

[Event "29. Erfurter Schachfestival 2019 - Haup"]
[Site "Erfurt"]
[Date "2019.12.27"]
[Round "3.9"]
[White "Bodling, Florian"]
[Black "Treiber, Marco"]
[Result "0-1"]
[WhiteElo "1592"]
[BlackElo "1851"]
[Annotator "Ruether,Rudolf"]
[PlyCount "92"]
[EventDate "2019.12.26"]

1. Nf3 Nf6 2. g3 e6 3. Bg2 d5 4. d3 c5 5. O-O Nc6 6. c4 Be7 7. Na3 O-O 8. Bd2
b6 9. Nc2 Ba6 10. b3 Qc7 11. Rb1 Rfd8 12. a4 Rac8 13. Na3 Qb8 14. Nb5 Bb7 15.
cxd5 Nxd5 16. e4 Nf6 17. Bf4 {(=)} e5 18. Bg5 Nb4 19. Ne1 h6 20. Bxf6 Bxf6 21.
f3 a6 22. Nc3 Qd6 23. Rf2 Bg5 24. Qe2 Rc7 25. Bf1 g6 26. Nd1 Nc6 27. Nc2 Nd4
28. Nxd4 Qxd4 29. Qb2 Bc8 30. f4 exf4 31. gxf4 Bf6 32. Qe2 Bh4 33. Ne3 Bxf2+
34. Qxf2 Bb7 35. f5 Rd6 36. Re1 gxf5 37. Qxf5 Qg7+ 38. Ng2 Bc8 39. Qf4 Rcc6 40.
Re3 Rg6 41. e5 Rg4 42. Qf3 Bb7 43. Kf2 Rc7 44. Qh3 Qg5 45. e6 fxe6 46. Rg3 Rf7+
0-1

[Event "29. Erfurter Schachfestival 2019 - Haup"]
[Site "Erfurt"]
[Date "2019.12.27"]
[Round "3.10"]
[White "Petersen, Moritz"]
[Black "Siebarth, Marco"]
[Result "0-1"]
[WhiteElo "1800"]
[BlackElo "2020"]
[PlyCount "62"]
[EventDate "2019.12.26"]

1. d4 d5 2. Nf3 c6 3. c4 Nf6 4. Nc3 e6 5. g3 Nbd7 6. Bf4 dxc4 7. e4 Bb4 8. Qc2
Qa5 9. Bd2 b5 10. Bg2 Bb7 11. O-O O-O 12. a3 Bxc3 13. bxc3 a6 14. e5 Nd5 15.
Ng5 g6 16. h4 Ne7 17. h5 Qc7 18. hxg6 hxg6 19. Qe4 Nf5 20. g4 Ne7 21. Qf3 Kg7
22. Nxf7 Rxf7 23. Bh6+ Kg8 24. Qe4 Rb8 25. Bg5 c5 26. Qe2 Bxg2 27. Kxg2 Qc6+
28. f3 Nf8 29. Kg3 Rb7 30. f4 Rh7 31. Rh1 Rxh1 0-1

[Event "29. Erfurter Schachfestival 2019 - Haup"]
[Site "Erfurt"]
[Date "2019.12.28"]
[Round "4.1"]
[White "Kraus, Sebastian"]
[Black "Woost, Thomas"]
[Result "1-0"]
[WhiteElo "1819"]
[BlackElo "1905"]
[Annotator "Ruether,Rudolf"]
[PlyCount "69"]
[EventDate "2019.12.26"]

1. e4 e5 2. Nf3 Nf6 3. Nxe5 d6 4. Nf3 Nxe4 5. d4 d5 6. Bd3 Be7 7. O-O O-O 8. c4
c6 9. Qc2 f5 10. Nc3 Be6 11. Ne2 Nd7 {(=)} 12. b3 Rc8 13. Bb2 Bd6 14. Rad1 Qf6
15. Qb1 Ng5 16. Nxg5 Qxg5 17. Bc1 Qh4 18. g3 Qh3 19. Bf4 Nf6 20. f3 Be7 21. Qc1
h6 22. Qe3 Kf7 23. Rfe1 g5 24. Nc3 Ne4 25. Ne2 c5 26. cxd5 Bxd5 27. fxe4 cxd4
28. Qf3 fxe4 29. Bxe4 Bxe4 30. Qxe4 Bc5 31. Qh7+ Kf6 32. Be5+ Ke6 33. Nxd4+
Bxd4+ 34. Bxd4+ Kd5 35. Qe4+ 1-0

[Event "29. Erfurter Schachfestival 2019 - Haup"]
[Site "Erfurt"]
[Date "2019.12.28"]
[Round "4.2"]
[White "Heß, Jürgen"]
[Black "Treiber, Marco"]
[Result "1-0"]
[WhiteElo "1889"]
[BlackElo "1851"]
[Annotator "Ruether,Rudolf"]
[PlyCount "149"]
[EventDate "2019.12.26"]

1. e4 c6 2. d4 d5 3. Nc3 dxe4 4. Nxe4 Nd7 5. Bc4 Ngf6 6. Nxf6+ Nxf6 7. c3 e6 8.
Nf3 Be7 9. O-O Qc7 10. Qe2 O-O 11. Ne5 Nd5 12. Bd3 Bf6 13. Qe4 g6 14. Bh6 Bg7
15. Bxg7 Kxg7 16. f4 f6 17. Ng4 Bd7 18. Rae1 b5 19. a3 Rae8 20. Ne3 Nb6 21. Qf3
c5 22. d5 e5 23. fxe5 Rxe5 24. Qg3 Qb8 25. Qf2 Qd6 26. c4 a6 27. b3 Rh5 28. Qf4
Nc8 29. cxb5 axb5 30. h3 Rg5 31. Qxd6 Nxd6 32. Ng4 Rxd5 33. Re7+ Rf7 34. Rxf7+
Nxf7 35. Be4 Rd6 36. Nf2 Rd4 37. Bc2 Rd2 38. Rc1 Ne5 39. Ne4 Rd5 40. Bb1 Bf5
41. Nc3 Nd3 42. Rd1 Rd7 43. g4 Nb2 44. Rxd7+ Bxd7 45. Kf2 c4 46. b4 Nd3+ {(=)}
47. Bxd3 cxd3 48. Ke3 Kf7 49. Kxd3 Ke6 50. Kd4 f5 51. g5 Kd6 52. Nd5 Ke6 53. h4
Bc6 54. Nf4+ Kd6 55. h5 gxh5 56. Nxh5 Ke6 57. Ng7+ Kd6 58. Nxf5+ Ke6 59. Ng3
Be8 60. Ke4 Bg6+ 61. Kf4 Bb1 62. Ne2 Kd6 63. Nc3 Bd3 64. Ke3 Bc4 65. Kd4 Bf1
66. a4 bxa4 67. Nxa4 Kc6 68. Nc3 Kd6 69. Ne4+ Kc6 70. Nf6 Kd6 71. Nxh7 Ke6 72.
Nf6 Kf5 73. Ne4 Ba6 74. Kc5 Bb7 75. Nd6+ 1-0

[Event "29. Erfurter Schachfestival 2019 - Haup"]
[Site "Erfurt"]
[Date "2019.12.28"]
[Round "4.3"]
[White "Urban, Peter"]
[Black "Heinrich, John"]
[Result "0-1"]
[WhiteElo "1852"]
[BlackElo "1742"]
[PlyCount "114"]
[EventDate "2019.12.26"]

1. c4 Nf6 2. Nc3 e5 3. Nf3 Nc6 4. e3 d5 5. cxd5 Nxd5 6. Bb5 Be6 7. Nxe5 Nxc3 8.
dxc3 Qxd1+ 9. Kxd1 O-O-O+ 10. Nd3 Bf5 11. Ke2 a6 12. e4 Bxe4 13. Ke3 Bg6 14.
Bxc6 Rxd3+ 15. Ke2 bxc6 16. Be3 Rd7 17. f3 Bd6 18. Kf2 Re8 19. b4 Kb7 20. Rhe1
Red8 21. Bd4 f6 22. h4 Re7 23. Rxe7 Bxe7 24. g4 c5 25. bxc5 Kc6 26. Re1 Rd7 27.
Re6+ Kd5 28. Rxa6 c6 29. Ke3 Rc7 30. h5 Bf7 31. Kd3 g6 32. h6 g5 33. c4+ Ke6
34. a4 f5 35. a5 fxg4 36. fxg4 Bf6 37. Rb6 Be8 38. a6 Ra7 39. Bxf6 Kxf6 40. Kc3
Ke6 41. Kb4 Kd7 42. Ka5 Kc7 43. Rb1 Bd7 44. Re1 Bxg4 45. Re7+ Kb8 46. Rg7 Bc8
47. Rxg5 Rxa6+ 48. Kb4 Ra7 49. Kc3 Rd7 50. Kb4 Kc7 51. Ka5 Rf7 52. Rg8 Be6 53.
Ka6 Bxc4+ 54. Ka7 Bd5 55. Rb8 Kd7 56. Kb6 Ke6 57. Rd8 Kf5 0-1

[Event "29. Erfurter Schachfestival 2019 - Haup"]
[Site "Erfurt"]
[Date "2019.12.28"]
[Round "4.4"]
[White "Siebarth, Marco"]
[Black "Hempel, Kevin"]
[Result "1-0"]
[WhiteElo "2020"]
[BlackElo "1806"]
[PlyCount "101"]
[EventDate "2019.12.26"]

1. e4 e5 2. Nf3 Nc6 3. Bb5 a6 4. Bxc6 dxc6 5. O-O Qd6 6. Na3 f6 7. Nc4 Qe6 8.
b3 Bd6 9. d4 Ne7 10. dxe5 Bxe5 11. Nfxe5 fxe5 12. Qh5+ Ng6 13. Bb2 O-O 14. g3
Re8 15. Rad1 b6 16. Rd2 Bb7 17. Rfd1 c5 18. f3 Bc6 19. Kg2 a5 20. h4 b5 21. Ne3
Re7 22. Qf5 Rf8 23. Rd8 Be8 24. Qxe6+ Rxe6 25. Nd5 c6 26. Nc7 Re7 27. Na6 Ref7
28. Nxc5 Rxf3 29. Rxe8 Rf2+ 30. Kg1 Rxc2 31. Rxf8+ Kxf8 32. Nd3 Re2 33. Rf1+
Ke7 34. h5 Nf8 35. Bxe5 Ne6 36. Bb2 Rd2 37. Rf3 c5 38. Bc3 Rxa2 39. Nf4 Ng5 40.
Nd5+ Kd6 41. Rd3 c4 42. bxc4 bxc4 43. Re3 Nxe4 44. Rxe4 Kxd5 45. Re5+ Kd6 46.
Rxa5 Rxa5 47. Bxa5 Ke6 48. Bc3 g6 49. hxg6 hxg6 50. Kf2 Kf5 51. Kf3 1-0

[Event "29. Erfurter Schachfestival 2019 - Haup"]
[Site "Erfurt"]
[Date "2019.12.28"]
[Round "4.5"]
[White "Held, Maurice"]
[Black "Angermaier, Georg"]
[Result "1/2-1/2"]
[WhiteElo "1844"]
[BlackElo "1952"]
[PlyCount "22"]
[EventDate "2019.12.26"]

1. c4 g6 2. g3 Bg7 3. Bg2 c5 4. Nc3 Nc6 5. e3 d6 6. Nge2 Bg4 7. O-O Qc8 8. Qa4
Bd7 9. Qd1 Bg4 10. Qa4 Bd7 11. Qd1 Bg4 1/2-1/2

[Event "29. Erfurter Schachfestival 2019 - Haup"]
[Site "Erfurt"]
[Date "2019.12.28"]
[Round "4.6"]
[White "Weiland, Thomas"]
[Black "Reuter, Hans-Otto"]
[Result "1/2-1/2"]
[WhiteElo "1804"]
[BlackElo "1935"]
[PlyCount "39"]
[EventDate "2019.12.26"]

1. c4 g6 2. Nf3 Bg7 3. g3 d6 4. Bg2 Nf6 5. Nc3 O-O 6. d3 Bg4 7. h3 Bxf3 8. Bxf3
c6 9. O-O Nbd7 10. Bg2 e5 11. e4 Nc5 12. Be3 h6 13. Qd2 Kh7 14. b4 Ne6 15. Rab1
Nd7 16. Ne2 a5 17. a3 Qc7 18. Rfd1 f5 19. f4 exf4 20. gxf4 1/2-1/2

[Event "29. Erfurter Schachfestival 2019 - Haup"]
[Site "Erfurt"]
[Date "2019.12.28"]
[Round "4.7"]
[White "Haugk, Franko"]
[Black "Delgado, Robin"]
[Result "1-0"]
[WhiteElo "1917"]
[BlackElo "1803"]
[Annotator "Ruether,Rudolf"]
[PlyCount "73"]
[EventDate "2019.12.26"]

1. d4 Nf6 2. Nf3 e6 3. g3 b6 4. Bg2 Bb7 5. O-O Be7 6. c4 O-O 7. Nc3 Ne4 8. Qc2
Nxc3 9. bxc3 f5 10. a4 a5 11. Qb3 Be4 12. d5 Na6 13. Be3 Nc5 14. Qa2 Qe8 15.
Nd4 Bxg2 16. Kxg2 e5 17. Nb5 Bd6 18. Bxc5 bxc5 19. Nxd6 cxd6 20. Rab1 f4 21.
Qc2 e4 22. f3 e3 {(=)} 23. Rb7 Rf6 24. Rfb1 g5 25. g4 h5 26. h3 Kg7 27. Qe4 Qd8
28. gxh5 Kh6 29. Kh2 Rc8 30. Rg1 Qe8 31. Qxe8 Rxe8 32. Rxd7 Rb8 33. h4 gxh4 34.
Kh3 Kxh5 35. Rh7+ Rh6 36. Rhg7 Rf6 37. R7g4 1-0